LEADER 01300nam a2200289 a 4500 001 000000119066 003 CaOOAMICUS 005 20140310104504.0 008 100108s2009 it u000 u ita r 040 $aPUL$bita$dReb 041 1 $aita$heng 100 1 $aRose, Nikolas.$0(OLS)http://pul/name/74425 240 10$aPolitics of life itself.$lItaliano.$0(OLS)http://pul/title/149836 245 13$aLa politica della vita :$bbiomedicina, potere e soggettività nel XXI secolo /$cNikolas Rose. 260 $aMilano :$bR.C.S. Libri,$c©2009. 300 $axvi, 480 p. ;$c22 cm 490 1 $aGrande biblioteca della scienza 500 $aPubblicazione periodica settimanale. 504 $aBibliografia p. [411]-462. 650 4$aEugenetica.$0(OLS)http://pul/subject/35799 650 4$aMedicina$ySec. XXI.$0(OLS)http://pul/subject/36228 830 0$aGrande biblioteca della scienza.$0(OLS)http://pul/title/143993 850 $aPUL 852 $aPUL$W1$xDP2 Cons. Gen., Altre Classi 3$y97$m503 COLL 1.47$j136635$qDDC 21$B135648$CPULBib$Z2$F135648 $H112311 $82 941 1 $a9 996 $6245$aLa politica della vita :$bbiomedicina, potere e soggettività nel XXI secolo$9(OLS)http://pul/title/149835 996 $6260$aMilano :$bR.C.S. Libri$9(OLS)http://pul/publisher/74600 LEADER 01306nam a2200313 a 4500 001 000000158088 003 CaOOAMICUS 005 20170123162919.0 008 170123s2016 it u000 u ita r 020 $a978-88-672-8676-8* 032 $aLibriCat 040 $aPUL$bita 082 14$a070.5 100 1 $aPalazzolo, Maria Iolanda.$0(OLS)http://pul/name/77070 245 04$aGli editori del Papa : $bda Porta Pia ai Patti Lateranensi / $cMaria Iolanda Palazzolo . 260 $aRoma :$bViella,$c©2016. 300 $a162 p. ;$c21 cm. 490 1 $aLa corte dei papi (Viella) ;$v30 504 $aBibliografia in nota a piè pagina. 650 4$aEditoria$xStoria.$0(OLS)http://pul/subject/44169 830 3$aLa Corte dei papi (Viella) ;$v30.$0(OLS)http://pul/title/45786 850 $aPUL 852 $aPUL$W1$xSL Cons. Gen., Altre Classi 3$y75$m070. 5 PALMA 1$j181415$qDDC 21$B184556$CPULBib$Z2$F184556 $H128700 $81 941 1 $a9 996 $6020$a978-88-672-8676-8* $9(OLS)http://pul/number/161855 996 $6082$a070.5$9(OLS)http://pul/classification/2424 996 $6245$aGli editori del Papa : $bda Porta Pia ai Patti Lateranensi / $9(OLS)http://pul/title/197694 996 $6260$aRoma :$bViella$9(OLS)http://pul/publisher/54599